000 00803nab a2200241 u 4500
001 15179
003 HDC
007 cr bn ---aaaaa
008 210217c20150211my dr|nes 0 a may d
040 _aHDC
245 0 _aFGV suntik RM1.7j lindungi biodiversiti
260 _aKuala Lumpur :
_bThe New Straits Times Press (M) Bhd.,
_c2015
336 _atext
_2rdacontent
337 _acomputer
_2rdamedia
338 _aonline resource
_2rdacarrier
650 _abiodiversity
_915470
650 _aconservation projects
_zMalaysia
_915471
710 _aHarian Metro
856 _zRequest full-text at [email protected]
942 _2lcc
942 _cNEWS
942 _kNWSC 005706
999 _c12495
_d12495